Countries Containing T (with a map) - Statistics

General Stats
  • This quiz has been taken 534 times
    275 since last reset
  • The average score is 173 of 196
Answers on the Map
Answers color-coded by a green-red scale on the quiz's map according to % correct below.
 
Answer Stats
capital % Correct
x
100%
Turkmenistan
80%
United States
78%
Australia
77%
Turkey
77%
Argentina
76%
United Kingdom
75%
Portugal
74%
South Korea
74%
Tajikistan
74%
Kazakhstan
73%
Latvia
73%
Lithuania
73%
Saint Lucia
73%
South Africa
73%
St Kitts and Nevis
73%
Estonia
72%
North Korea
72%
St Vincent and the Grenadines
72%
Tanzania
72%
Netherlands
71%
Uzbekistan
71%
Kyrgyzstan
70%
Thailand
70%
Togo
70%
Tonga
70%
Tuvalu
70%
Austria
68%
Italy
68%
Trinidad and Tobago
68%
Pakistan
67%
Switzerland
67%
Lesotho
66%
Botswana
65%
Ethiopia
65%
Mauritius
64%
Afghanistan
63%
Mauritania
63%
South Sudan
63%
Taiwan
63%
United Arab Emirates
63%
Vatican City
63%
Costa Rica
62%
Haiti
62%
Tunisia
62%
Antigua and Barbuda
61%
Liechtenstein
61%
Malta
61%
Timor-Leste
61%
Eritrea
59%
Egypt
58%
Vanuatu
58%
Guatemala
57%
Bhutan
56%
Montenegro
55%
São Tomé and Principé
55%
Djibouti
54%
Equatorial Guinea
53%
Qatar
53%
Central African Republic
52%
Côte d'Ivoire
52%
Eswatini
52%
Kuwait
52%
Vietnam
52%
Croatia
51%
Kiribati
51%
North Macedonia
35%
No matching quizzes found
Score Distribution
Percent of People with Each Score
Percentile by Number Answered
Your Score History
You have not taken this quiz since the last reset